Vista normal Vista MARC

Entrada Personal Name

Número de registros utilizados en: 5

001 - CONTROL NUMBER

  • control field: 51563

003 - CONTROL NUMBER IDENTIFIER

  • control field: OSt

005 - DATE AND TIME OF LATEST TRANSACTION

  • control field: 20241126092942.0

008 - FIXED-LENGTH DATA ELEMENTS

  • fixed length control field: 241126|| aca||aabn | a|a d

040 ## - CATALOGING SOURCE

  • Original cataloging agency: OSt
  • Transcribing agency: OSt

100 ## - HEADING--PERSONAL NAME

  • Personal name: Reclus Roca Vila

670 ## - SOURCE DATA FOUND

  • Source citation: Work cat.: (OSt)46292: Reclus Roca Vila, Introducción a la mecánica de fluidos









Instituto Departamental de Cultura del Meta - Red Departamental de Bibliotecas Públicas del Meta.